| 000 | 00459nam a2200145Ia 4500 | ||
|---|---|---|---|
| 008 | 231129s1995||||xx |||||||||||||| ||spa|| | ||
| 020 | _a84-277-1133-6 | ||
| 040 | _bspa | ||
| 082 | _a371.926 N582m | ||
| 100 | _aNicasio García Jesús | ||
| 245 | 0 | _aManual de dificultades de aprendizaje: Lenguaje Lecto-Escritura y Matemáticas | |
| 260 | _c1995 | ||
| 264 | _aMadrid España: Narcea Ediciones | ||
| 942 |
_2ddc _cBKS |
||
| 999 |
_c20348 _d20348 |
||